000 00291nam a2200121Ia 4500
100 _aNewman/W.M/ Sproull/R.F.
942 _cBK
654 _aPrinciples
245 _aPrinciples Of Interactive Computer Graphics
260 _bMcGraw Hill
_aAuckland
_c1979
300 _a541
546 _aENGLISH
999 _c33765
_d33765